<?xml version="1.0" encoding="UTF-8"?><?xml-stylesheet type="text/xsl" href="static/style.xsl"?><OAI-PMH xmlns="http://www.openarchives.org/OAI/2.0/" xmlns:xsi="http://www.w3.org/2001/XMLSchema-instance" xsi:schemaLocation="http://www.openarchives.org/OAI/2.0/ http://www.openarchives.org/OAI/2.0/OAI-PMH.xsd"><responseDate>2026-06-05T18:50:53Z</responseDate><request verb="GetRecord" identifier="oai:riuma.uma.es:10630/21398" metadataPrefix="marc">https://riuma.uma.es/rest/oai/request</request><GetRecord><record><header><identifier>oai:riuma.uma.es:10630/21398</identifier><datestamp>2026-02-03T12:23:01Z</datestamp><setSpec>com_10630_2254</setSpec><setSpec>col_10630_37959</setSpec></header><metadata><record xmlns="http://www.loc.gov/MARC21/slim" xmlns:dcterms="http://purl.org/dc/terms/" xmlns:doc="http://www.lyncode.com/xoai" xmlns:xsi="http://www.w3.org/2001/XMLSchema-instance" xsi:schemaLocation="http://www.loc.gov/MARC21/slim http://www.loc.gov/standards/marcxml/schema/MARC21slim.xsd">
   <leader>00925njm 22002777a 4500</leader>
   <datafield ind2=" " ind1=" " tag="042">
      <subfield code="a">dc</subfield>
   </datafield>
   <datafield ind2=" " ind1=" " tag="720">
      <subfield code="a">Shirani, Shiva</subfield>
      <subfield code="e">author</subfield>
   </datafield>
   <datafield ind2=" " ind1=" " tag="720">
      <subfield code="a">Cuesta-García, Ana María</subfield>
      <subfield code="e">author</subfield>
   </datafield>
   <datafield ind2=" " ind1=" " tag="720">
      <subfield code="a">Morales-Cantero, Alejandro</subfield>
      <subfield code="e">author</subfield>
   </datafield>
   <datafield ind2=" " ind1=" " tag="720">
      <subfield code="a">Gómez-de-la-Torre, María de los  Ángeles</subfield>
      <subfield code="e">author</subfield>
   </datafield>
   <datafield ind2=" " ind1=" " tag="720">
      <subfield code="a">Santacruz-Cruz, María Isabel</subfield>
      <subfield code="e">author</subfield>
   </datafield>
   <datafield ind2=" " ind1=" " tag="720">
      <subfield code="a">García-Aranda, Miguel Ángel</subfield>
      <subfield code="e">author</subfield>
   </datafield>
   <datafield ind2=" " ind1=" " tag="260">
      <subfield code="c">2021-01</subfield>
   </datafield>
   <datafield ind2=" " ind1=" " tag="520">
      <subfield code="a">Building materials have complex hierarchical microstructures. The largest components are coarse aggregates with dimensions larger than a few centimetres and the smallest ones are the calcium silicate hydrate (C-S-H) gel nanoparticles with sizes smaller than 5 nm. To fully understand the main properties of cement binders and optimize their performances, a sound description of their spatially-resolved contents is compulsory. Furthermore, cement manufacturing is responsible for about 7% of the anthropogenic CO2 emissions and hence, to decrease the CO2 footprint, in a sustainable and cost-effective way, is a top priority. To gain a deeper insight into the microstructures of building materials, synchrotron X-ray ptychographic nanotomography and absorption-based microtomography have been employed.&#xd;
Here we will present three examples of our approach blending quantitative powder diffraction with synchrotron X-ray imaging. Firstly, we will show our comparative work on belite and Portland cement pastes cured at varying temperatures [1]. Synchrotron tomographic data taken at TOMCAT allowed understanding the different hydrating behaviour of both cements. Secondly, ptychographic nanotomographic data taken at cSAXS showed the hydration of CaAl2O4 with curing temperature [2]. Ptychographic data have permitted to characterise the conversion of the aluminate hydrates which is key for durability. The very good contrast in the electron density tomograms will be discussed as well as the porosity induced after the conversion reactions. Finally, we will report our work on Portland cements [3]. The densities and spatial distribution of calcium silicate hydrate (C-S-H) gel and amorphous iron-siliceous hydrogarnet components will be described.</subfield>
   </datafield>
   <datafield ind1="8" ind2=" " tag="024">
      <subfield code="a">-</subfield>
   </datafield>
   <datafield ind1="8" ind2=" " tag="024">
      <subfield code="a">https://hdl.handle.net/10630/21398</subfield>
   </datafield>
   <datafield tag="653" ind2=" " ind1=" ">
      <subfield code="a">Cristalografía -- Congresos</subfield>
   </datafield>
   <datafield ind2="0" ind1="0" tag="245">
      <subfield code="a">ANALYSIS OF BUILDING MATERIALS BY SYNCHROTRON X-RAY IMAGING</subfield>
   </datafield>
</record>
</metadata></record></GetRecord></OAI-PMH>